000 01142nam a2200253Ia 4500
003 OSt
005 20220930094854.0
006 a|||||r|||| 00| 0
007 ta
008 220926b |||||||| |||| 00| 0 hin d
024 _a32415
037 _cTheses
040 _aCRL
_cCRL
_bhin
041 _2hin
_ahin
100 _aशंकर, चित्रा, ले.
110 _aदिल्ली विश्वविद्यालय. कला संकाय. संगीत एवं ललित कला
_9556510
245 0 _aप्रागैतिहासिक भारतीय चित्रकला में संगीत छवि की आलोचनात्मक विवेचना
246 _aPrāgaitihāsik bhāratīya chitrakalā mean sangīt chhavi kī ālochanātmak vivechanā
260 _c2015
300 _a231पृ.
_ap.
_ccm.
700 _aदिल्ली विश्वविद्यालय. कला संकाय. संगीत एवं ललित कला
_9556511
942 _cDIS
_2CC
999 _c887826
_d887826